Viết lại luật chơi: Thay đổi cách chơi để giành chiến thắng

Cuốn sách là cẩm nang giúp cho những ai không bằng lòng với việc theo sau, cho những ai không sợ hãi khi thách thức tính chính thống, cho những ai có thiên hướng xây dựng hơn là cắt bỏ và quan tâm đến việc tao ra khác biệt hơn là tạo dựng s...

ver descrição completa

Na minha lista:
Detalhes bibliográficos
Autor principal: Hamel, Gary
Outros Autores: Prahalad, C.K
Formato: Livro
Idioma:Undetermined
Publicado em: H. Lao động xã hội; Công ty sách Alpha 2017
Assuntos:
Acesso em linha:http://lrc.tdmu.edu.vn/opac/search/detail.asp?aID=2&ID=33084
Tags: Adicionar Tag
Sem tags, seja o primeiro a adicionar uma tag!
Thư viện lưu trữ: Trung tâm Học liệu Trường Đại học Thủ Dầu Một
LEADER 01336nam a2200217Ia 4500
001 TDMU_33084
008 210410s9999 xx 000 0 und d
082 |a 535 
090 |b H104 
100 |a Hamel, Gary 
245 0 |a Viết lại luật chơi: Thay đổi cách chơi để giành chiến thắng 
245 0 |c Gary Hamel, C.K. Prahalad; Huyền Trang dịch 
260 |a H. 
260 |b Lao động xã hội; Công ty sách Alpha 
260 |c 2017 
300 |a 499 tr 
520 |a Cuốn sách là cẩm nang giúp cho những ai không bằng lòng với việc theo sau, cho những ai không sợ hãi khi thách thức tính chính thống, cho những ai có thiên hướng xây dựng hơn là cắt bỏ và quan tâm đến việc tao ra khác biệt hơn là tạo dựng sự nghiệp, cam kết dốc sức hoàn toàn cho việc đánh dấu lãnh thổ tương lai trước nhất.; Bìa sách ghi tiếng Anh: Competing for the future 
650 |a Quản lí  |x Lập kế hoạch  |x Chiến lược kinh doanh 
700 |a Prahalad, C.K 
856 |u http://lrc.tdmu.edu.vn/opac/search/detail.asp?aID=2&ID=33084 
980 |a Trung tâm Học liệu Trường Đại học Thủ Dầu Một